| 000 | 01301 a2200169 4500 | ||
|---|---|---|---|
| 003 | Nust | ||
| 005 | 20230131130030.0 | ||
| 040 | _cNust | ||
| 082 | _a808.83,MEL | ||
| 100 |
_aLander E _9108222 |
||
| 245 |
_aTypee Herman Melville / _cE Lander |
||
| 260 |
_aLondon _bCollins |
||
| 300 | _a366:p | ||
| 505 | _aThe Sea (Page-1), Passage from the Cruising Ground to the Marquesas (Page-9), Some Account of the Late Operation of the French at The Marquesas (Page-18), State of Affairs Aboard the Ship (Page-23), Swimming in Company With Girls of The Valley (Page-173), Reflection After Marnoos Departure (Page-191), History of a Day as Usually Spent in the Type Valley (Page-200), The Spring of Aria Wai (Page-206), Preparation for a Grand Festival in the Valley (Page-211), The Feast of Calabashes (Page-219), Ideas Suggested by the Feast of Calabashes (Page-228), general Information Gathered at the Festival (Page-244), King Mehevi (Page-255), The Social Condition (Page-272), Fishing Parties (Page-281), Natural History of the Valley (Page-286), A Professor of the Fine Art (Page-295), Strange Custom of the Islanders (Page-307), Apprehensions of Evil (Page-314), The Stranger Again Arrives in the Valley (Page-327), The Escape (Page-334). | ||
| 650 |
_aNovel _92525 |
||
| 942 |
_2ddc _cBK _k808.83,MEL |
||
| 999 |
_c186390 _d186390 |
||